[Event "Eger Agria op"]
[Site "Eger"]
[Date "2005.07.30"]
[Round "7"]
[White "Olah, Sandor"]
[Black "Hirzel, Andre"]
[Result "0-1"]
[WhiteElo "2064"]
[BlackElo "2227"]
[PlyCount "94"]
[EventDate "2005.07.18"]
[EventType "swiss"]
[EventRounds "9"]
[EventCountry "HUN"]
[SourceTitle "EXT 2008"]
[Source "ChessBase"]
[SourceDate "2007.11.25"]
[SourceVersion "1"]
[SourceVersionDate "2007.11.25"]
[SourceQuality "1"]

1. e4 e6 2. b3 d5 3. Bb2 dxe4 4. Nc3 Nf6 5. Qe2 Bd7 6. Nxe4 Nxe4 7. Qxe4 Bc6 8. Qg4 Nd7 9. Nf3 Nf6 10. Qg3 Be4 11. 0-0-0 Bf5 12. Qh4 Be7 13. Qa4+ c6 14. Nh4 Bg6 15. Nxg6 hxg6 16. Be2 a5 17. Bf3 Qc7 18. Qc4 a4 19. b4 a3 20. Bd4 0-0 21. h4 Rfd8 22. Bc5 b5 23. Qc3 Nd5 24. Bxd5 cxd5 25. Bxe7 Qxe7 26. h5 Rdc8 27. Qb3 Qf6 28. hxg6 Qxg6 29. Rh3 Qxg2 30. Rdh1 Kf8 31. Qd3 Qe4 32. Qxe4 dxe4 33. Rh8+ Ke7 34. Rxc8 Rxc8 35. Rh3 Rc4 36. Rb3 g5 37. c3 g4 38. Rxa3 Rc7 39. Ra8 f5 40. Kd1 Rb7 41. Ke1 Kd6 42. Ra5 f4 43. a3 Rh7 44. Rxb5 Rh1+ 45. Ke2 Rh2 46. Rg5 g3 47. c4 f3+ 0-1

[Event "Eger Agria op"]
[Site "Eger"]
[Date "2005.07.27"]
[Round "4"]
[White "Gyurkovics, Miklos"]
[Black "Olah, Sandor"]
[Result "1-0"]
[WhiteElo "2189"]
[BlackElo "2064"]
[PlyCount "57"]
[EventDate "2005.07.18"]
[EventType "swiss"]
[EventRounds "9"]
[EventCountry "HUN"]
[SourceTitle "EXT 2008"]
[Source "ChessBase"]
[SourceDate "2007.11.25"]
[SourceVersion "1"]
[SourceVersionDate "2007.11.25"]
[SourceQuality "1"]

1. c4 c5 2. Nf3 Nc6 3. Nc3 g6 4. e3 Bg7 5. d4 cxd4 6. exd4 d6 7. h3 Nf6 8. Be2 0-0 9. d5 Nb8 10. 0-0 Na6 11. Be3 Nc5 12. Rc1 a5 13. b3 Nfe4 14. Nxe4 Nxe4 15. Bd3 Nc5 16. Bc2 Bd7 17. Qd2 b5 18. cxb5 Bxb5 19. Rfe1 Re8 20. Nd4 Bd7 21. Bg5 Rb8 22. a3 Bxd4 23. Qxd4 Nxb3 24. Bxb3 Rxb3 25. Qa7 f6 26. Bd2 Rb5 27. Rc7 Bc8 28. Rcxe7 Rxe7 29. Rxe7 1-0

[Event "Eger Agria op"]
[Site "Eger"]
[Date "2005.07.25"]
[Round "2"]
[White "Puskas, Bence"]
[Black "Olah, Sandor"]
[Result "0-1"]
[WhiteElo "1813"]
[BlackElo "2064"]
[PlyCount "46"]
[EventDate "2005.07.18"]
[EventType "swiss"]
[EventRounds "9"]
[EventCountry "HUN"]
[SourceTitle "EXT 2008"]
[Source "ChessBase"]
[SourceDate "2007.11.25"]
[SourceVersion "1"]
[SourceVersionDate "2007.11.25"]
[SourceQuality "1"]

1. e4 c5 2. Nf3 Nc6 3. Bc4 e6 4. d4 cxd4 5. Nxd4 Nxd4 6. Qxd4 Ne7 7. Nc3 Nc6 8. Qd1 a6 9. 0-0 Be7 10. Bf4 0-0 11. e5 f6 12. Re1 fxe5 13. Bxe5 Nxe5 14. Rxe5 Qb6 15. Qd2 Bf6 16. Nd5 exd5 17. Qxd5+ Kh8 18. Qf7 Qd8 19. Rae1 Rxf7 20. Bxf7 Bxe5 21. Rxe5 g6 22. Re8+ Qxe8 23. Bxe8 Kg7 0-1

[Event "Eger Agria op"]
[Site "Eger"]
[Date "2004.07.17"]
[Round "1"]
[White "Olah, Sandor"]
[Black "Hajnal, Zoltan"]
[Result "1/2-1/2"]
[WhiteElo "2050"]
[BlackElo "2407"]
[PlyCount "70"]
[EventDate "2004.07.17"]
[EventType "swiss"]
[EventRounds "9"]
[EventCountry "HUN"]
[SourceTitle "EXT 2008"]
[Source "ChessBase"]
[SourceDate "2007.11.25"]
[SourceVersion "1"]
[SourceVersionDate "2007.11.25"]
[SourceQuality "1"]

1. e4 e5 2. Nf3 Nc6 3. d4 exd4 4. Nxd4 Bb4+ 5. c3 Bc5 6. Be3 Bb6 7. Nxc6 bxc6 8. Bxb6 axb6 9. Bd3 Qh4 10. 0-0 Nf6 11. Nd2 d6 12. Nf3 Qh5 13. Nd4 Bg4 14. f3 Bd7 15. Qd2 0-0 16. Rfe1 Rfe8 17. a3 c5 18. Ne2 Rad8 19. Ng3 Qh4 20. Qf2 Re5 21. Nf5 Qxf2+ 22. Kxf2 d5 23. Ng3 d4 24. cxd4 cxd4 25. Rec1 c5 26. b4 g5 27. bxc5 bxc5 28. a4 Ne8 29. a5 Nd6 30. a6 f6 31. a7 Ra8 32. Rcb1 c4 33. Rb8+ Re8 34. Rxe8+ Bxe8 35. Nf5 cxd3 1/2-1/2

[Event "Gyongyos Matra Cup"]
[Site "Gyongyos"]
[Date "2003.07.29"]
[Round "7"]
[White "Olah, Sandor"]
[Black "Szatmary, Revay Jozsef"]
[Result "1/2-1/2"]
[WhiteElo "2033"]
[BlackElo "2161"]
[PlyCount "24"]
[EventDate "2003.07.22"]
[EventType "swiss"]
[EventRounds "9"]
[EventCountry "HUN"]
[SourceTitle "EXT 2005"]
[Source "ChessBase"]
[SourceDate "2004.11.15"]
[SourceVersion "1"]
[SourceVersionDate "2004.11.15"]
[SourceQuality "1"]

1. d4 Nf6 2. Bg5 e6 3. Bxf6 Qxf6 4. e3 d5 5. Qf3 Qxf3 6. Nxf3 c6 7. c4 Bd6 8. cxd5 exd5 9. Bd3 Bg4 10. Nbd2 Nd7 11. h3 Bxf3 12. Nxf3 0-0 1/2-1/2

[Event "Eger Agria op"]
[Site "Eger"]
[Date "2003.07.20"]
[Round "9"]
[White "Gusakovskaya, Yana"]
[Black "Olah, Sandor"]
[Result "1/2-1/2"]
[WhiteElo "1898"]
[BlackElo "2033"]
[PlyCount "26"]
[EventDate "2003.07.13"]
[EventType "swiss"]
[EventRounds "9"]
[EventCountry "HUN"]
[SourceTitle "EXT 2005"]
[Source "ChessBase"]
[SourceDate "2004.11.15"]
[SourceVersion "1"]
[SourceVersionDate "2004.11.15"]
[SourceQuality "1"]

1. e4 e5 2. Nf3 Nf6 3. Nxe5 d6 4. Nf3 Nxe4 5. Qe2 Qe7 6. d3 Nf6 7. Bg5 Qxe2+ 8. Bxe2 Be7 9. 0-0 c6 10. Nc3 Bg4 11. Nd4 Bxe2 12. Ndxe2 h6 13. Bxf6 Bxf6 1/2-1/2

[Event "Eger Agria op"]
[Site "Eger"]
[Date "2003.07.18"]
[Round "7"]
[White "Pesztericz, Laszlo"]
[Black "Olah, Sandor"]
[Result "1-0"]
[WhiteElo "2233"]
[BlackElo "2033"]
[PlyCount "75"]
[EventDate "2003.07.13"]
[EventType "swiss"]
[EventRounds "9"]
[EventCountry "HUN"]
[SourceTitle "EXT 2005"]
[Source "ChessBase"]
[SourceDate "2004.11.15"]
[SourceVersion "1"]
[SourceVersionDate "2004.11.15"]
[SourceQuality "1"]

1. e4 e6 2. d4 d5 3. Nc3 dxe4 4. Nxe4 Bd7 5. Nf3 Bc6 6. Bd3 Nd7 7. 0-0 Ngf6 8. Ng3 Be7 9. c4 0-0 10. Bd2 Bxf3 11. Qxf3 c6 12. Bc3 Qc7 13. Ne4 Nxe4 14. Qxe4 Nf6 15. Qf3 Bd6 16. h3 e5 17. c5 Be7 18. dxe5 Nd5 19. Qe4 g6 20. Bd4 Rfe8 21. Bc4 Rad8 22. Rad1 Bf8 23. Qg4 Bg7 24. f4 Bf8 25. Kh1 Qa5 26. a3 Bxc5 27. b4 Nxb4 28. axb4 Qxb4 29. Bxc5 Qxc5 30. Ba2 Kg7 31. Qg5 Qf8 32. Qf6+ Kg8 33. e6 fxe6 34. Bxe6+ Rxe6 35. Qxe6+ Kg7 36. Rxd8 Qxd8 37. f5 gxf5 38. Rxf5 1-0

[Event "Eger Agria op"]
[Site "Eger"]
[Date "2003.07.17"]
[Round "6"]
[White "Olah, Sandor"]
[Black "Goreskul, Alyona"]
[Result "1/2-1/2"]
[WhiteElo "2033"]
[BlackElo "2235"]
[PlyCount "79"]
[EventDate "2003.07.13"]
[EventType "swiss"]
[EventRounds "9"]
[EventCountry "HUN"]
[SourceTitle "EXT 2005"]
[Source "ChessBase"]
[SourceDate "2004.11.15"]
[SourceVersion "1"]
[SourceVersionDate "2004.11.15"]
[SourceQuality "1"]

1. e4 c5 2. c4 Nc6 3. Nc3 g6 4. g3 Bg7 5. Bg2 d6 6. Nge2 e6 7. 0-0 Nge7 8. Rb1 0-0 9. d3 Rb8 10. a3 b6 11. b4 Bb7 12. b5 Nd4 13. Nxd4 cxd4 14. Ne2 e5 15. f4 f5 16. exf5 gxf5 17. fxe5 dxe5 18. Bg5 Qd6 19. Qd2 h6 20. Bxe7 Qxe7 21. Rbe1 Qc5 22. Qb4 Bxg2 23. Qxc5 bxc5 24. Kxg2 e4 25. Nf4 Rbe8 26. a4 Rf7 27. a5 Bf6 28. g4 fxg4 29. Rxe4 Rxe4 30. dxe4 Bd8 31. Nd3 Bxa5 32. Rxf7 Kxf7 33. Nxc5 h5 34. h3 Bc7 35. hxg4 hxg4 36. Nd3 Ke6 37. Kf2 Kd7 38. Kg2 Ke6 39. Kf2 Kd7 40. Kg2 1/2-1/2

[Event "Eger Agria op"]
[Site "Eger"]
[Date "2003.07.16"]
[Round "5"]
[White "Dlauchy, Peter"]
[Black "Olah, Sandor"]
[Result "0-1"]
[WhiteElo "2056"]
[BlackElo "2033"]
[PlyCount "113"]
[EventDate "2003.07.13"]
[EventType "swiss"]
[EventRounds "9"]
[EventCountry "HUN"]
[SourceTitle "EXT 2005"]
[Source "ChessBase"]
[SourceDate "2004.11.15"]
[SourceVersion "1"]
[SourceVersionDate "2004.11.15"]
[SourceQuality "1"]

1. e4 c5 2. Nf3 Nc6 3. d4 cxd4 4. Nxd4 g6 5. Nc3 Bg7 6. Be3 Nf6 7. Bc4 Qa5 8. 0-0 0-0 9. Nb3 Qc7 10. Be2 d6 11. f4 a6 12. Qd2 b5 13. Bf3 Rb8 14. Rad1 Bg4 15. Nd5 Qd7 16. Nxf6+ Bxf6 17. Bxg4 Qxg4 18. Rf3 Bg7 19. Rdf1 Rbc8 20. Rg3 Qe6 21. f5 Qxe4 22. c3 Ne5 23. Bh6 Nc4 24. Qc1 Qe5 25. Nd4 b4 26. Rf2 bxc3 27. bxc3 Bxh6 28. Qxh6 Rb8 29. Rf1 Qg7 30. Qh4 Qf6 31. Rg5 Nd2 32. Re1 Rb1 33. Rxb1 Nxb1 34. Qg3 Nxc3 35. Rg4 Qxd4+ 36. Rxd4 Ne2+ 37. Kf2 Nxg3 38. Kxg3 Rc8 39. f6 Rc3+ 40. Kg4 exf6 41. Rxd6 f5+ 42. Kg5 Kg7 43. Kf4 a5 44. Rd2 a4 45. Ke5 f6+ 46. Kd4 Rc7 47. Rb2 Re7 48. Kd3 Re4 49. a3 Kf7 50. Rb7+ Re7 51. Rb4 Ra7 52. Ke3 g5 53. h3 h5 54. g3 Kg6 55. Kf3 g4+ 56. hxg4 fxg4+ 57. Kf4 0-1

[Event "Gyongyos Matra op 25th"]
[Site "Gyongyos"]
[Date "2002.07.30"]
[Round "7.12"]
[White "Zalai, Mihaly"]
[Black "Olah, Sandor"]
[Result "1-0"]
[WhiteElo "2159"]
[BlackElo "2028"]
[PlyCount "47"]
[EventDate "2002.08.04"]
[EventType "swiss"]
[EventRounds "9"]
[EventCountry "HUN"]
[SourceTitle "EXT 2004"]
[Source "ChessBase"]
[SourceDate "2003.11.25"]
[SourceVersion "1"]
[SourceVersionDate "2003.11.25"]
[SourceQuality "1"]

1. d4 Nf6 2. c4 g6 3. f3 Bg7 4. e4 d6 5. Nc3 e5 6. Nge2 exd4 7. Nxd4 0-0 8. Be2 Nc6 9. Be3 Nxd4 10. Bxd4 a6 11. Qd2 Bd7 12. 0-0 Rb8 13. Rab1 b5 14. b4 bxc4 15. Bxc4 Bb5 16. Nxb5 axb5 17. Bb3 Qe7 18. Rbc1 Rfc8 19. Rfd1 c5 20. Bf2 c4 21. Bc2 Ra8 22. a4 bxa4 23. Ra1 a3 24. Ra2 1-0

[Event "Gyongyos Matra op 25th"]
[Site "Gyongyos"]
[Date "2002.07.28"]
[Round "5.16"]
[White "Nemeth, Jozsef"]
[Black "Olah, Sandor"]
[Result "0-1"]
[WhiteElo "2187"]
[BlackElo "2028"]
[PlyCount "50"]
[EventDate "2002.08.04"]
[EventType "swiss"]
[EventRounds "9"]
[EventCountry "HUN"]
[SourceTitle "EXT 2004"]
[Source "ChessBase"]
[SourceDate "2003.11.25"]
[SourceVersion "1"]
[SourceVersionDate "2003.11.25"]
[SourceQuality "1"]

1. d4 Nf6 2. c4 g6 3. Nc3 Bg7 4. g3 0-0 5. Bg2 d6 6. Nf3 Nc6 7. d5 Na5 8. Qd3 c5 9. e4 a6 10. Rb1 b5 11. b3 b4 12. Ne2 Nxe4 13. Nh4 Nf6 14. 0-0 Bd7 15. Bd2 Nb7 16. Rbe1 a5 17. f4 a4 18. f5 axb3 19. axb3 Ra3 20. Nc1 Ra2 21. h3 Bc8 22. g4 Nd7 23. Nf3 Ne5 24. Nxe5 dxe5 25. Qg3 Nd6 0-1

[Event "HUN-chT3 0102"]
[Site "Hungary"]
[Date "2002.04.07"]
[Round "10"]
[White "Olah, Sandor"]
[Black "Istvanovszky, Kalman"]
[Result "1-0"]
[WhiteElo "2035"]
[BlackElo "2263"]
[PlyCount "60"]
[EventDate "2001.09.30"]
[EventType "team"]
[EventRounds "11"]
[EventCountry "HUN"]
[SourceTitle "EXT 2004"]
[Source "ChessBase"]
[SourceDate "2003.11.25"]
[SourceVersion "1"]
[SourceVersionDate "2003.11.25"]
[SourceQuality "1"]

1. e4 c5 2. Nf3 a6 3. c3 d6 4. d4 Nd7 5. Be2 g6 6. 0-0 Bg7 7. Be3 Qc7 8. Nbd2 Ngf6 9. h3 0-0 10. Re1 b5 11. a4 Rb8 12. axb5 axb5 13. Qc2 b4 14. c4 Bb7 15. d5 Ra8 16. Reb1 Nb6 17. Bd1 Nfd7 18. Qc1 Ne5 19. Nxe5 Bxe5 20. Rxa8 Rxa8 21. Ra1 Qd8 22. Qb1 Kg7 23. Ra2 e6 24. dxe6 fxe6 25. Rxa8 Qxa8 26. f4 Bf6 27. b3 Bc3 28. Bf3 Nd7 29. Qd3 Kh8 30. Bd4+ Bxd4+ 1-0

[Event "Gyongyos Matra Cup"]
[Site "Gyongyos"]
[Date "2002.03.28"]
[Round "2"]
[White "Restas, Peter"]
[Black "Olah, Sandor"]
[Result "1-0"]
[WhiteElo "2241"]
[BlackElo "2035"]
[PlyCount "77"]
[EventDate "2002.03.28"]
[EventType "swiss"]
[EventRounds "7"]
[EventCountry "HUN"]
[SourceTitle "EXT 2004"]
[Source "ChessBase"]
[SourceDate "2003.11.25"]
[SourceVersion "1"]
[SourceVersionDate "2003.11.25"]
[SourceQuality "1"]

1. d4 Nf6 2. Nf3 g6 3. c4 Bg7 4. Nc3 d5 5. Qb3 dxc4 6. Qxc4 0-0 7. e4 c6 8. Qb3 Qc7 9. Be2 Bg4 10. Be3 Nbd7 11. Rc1 Qa5 12. 0-0 b5 13. h3 b4 14. hxg4 bxc3 15. Qxc3 Qxc3 16. Rxc3 c5 17. dxc5 Nxg4 18. Bd4 e5 19. Be3 Nxe3 20. fxe3 Bh6 21. b4 Nf6 22. Nxe5 Nxe4 23. Ra3 Ng3 24. Rf2 Nxe2+ 25. Rxe2 Rfe8 26. Nc4 Re4 27. Rc3 Rb8 28. a3 Bg7 29. Rcc2 Be5 30. Nxe5 Rxe5 31. Rc3 Kf8 32. Rb2 Ke7 33. b5 Kd7 34. a4 Re4 35. a5 Ra4 36. c6+ Kc8 37. c7 Rb7 38. b6 Rxa5 39. Rd2 1-0

[Event "HUN-chT3 0102"]
[Site "Hungary"]
[Date "2001.12.02"]
[Round "4.3"]
[White "Repasi, Zoltan"]
[Black "Olah, Sandor"]
[Result "1-0"]
[WhiteElo "2107"]
[BlackElo "2043"]
[PlyCount "63"]
[EventDate "2001.09.30"]
[EventType "team"]
[EventRounds "11"]
[EventCountry "HUN"]
[SourceTitle "EXT 2004"]
[Source "ChessBase"]
[SourceDate "2003.11.25"]
[SourceVersion "1"]
[SourceVersionDate "2003.11.25"]
[SourceQuality "1"]

1. d4 Nf6 2. c4 g6 3. Nc3 Bg7 4. e4 d6 5. Be2 0-0 6. Bg5 c5 7. d5 Qa5 8. Bd2 a6 9. a4 e6 10. h3 Qc7 11. Nf3 exd5 12. exd5 Re8 13. 0-0 Nbd7 14. Bd3 Ne5 15. Nxe5 Rxe5 16. Bf4 Re8 17. Qc2 Bd7 18. g4 Rad8 19. f3 Bc8 20. Qh2 Bf8 21. h4 Bg7 22. h5 Re7 23. h6 Bh8 24. Bg5 Rde8 25. Qh4 Nxg4 26. fxg4 Bd4+ 27. Kh1 Re5 28. Rad1 Qd7 29. Ne4 Rxg5 30. Qxg5 Qe7 31. Nf6+ Bxf6 32. Qxf6 1-0

[Event "Erkel Memorial op"]
[Site "Gyula"]
[Date "2001.10.31"]
[Round "2"]
[White "Olah, Sandor"]
[Black "Frink, Ferenc"]
[Result "0-1"]
[WhiteElo "2053"]
[BlackElo "2243"]
[PlyCount "120"]
[EventDate "2001.10.30"]
[EventType "swiss"]
[EventRounds "9"]
[EventCountry "HUN"]
[SourceTitle "EXT 2008"]
[Source "ChessBase"]
[SourceDate "2007.11.25"]
[SourceVersion "1"]
[SourceVersionDate "2007.11.25"]
[SourceQuality "1"]

1. e4 g6 2. c4 Bg7 3. Nc3 d6 4. Nge2 c5 5. d4 cxd4 6. Nxd4 Nc6 7. Be3 Nf6 8. Be2 0-0 9. 0-0 Ne8 10. Qd2 e5 11. Nxc6 bxc6 12. c5 f5 13. Bc4+ Kh8 14. cxd6 Qxd6 15. Rfd1 Qb4 16. Qe2 Nd6 17. Bb3 Nxe4 18. Nxe4 Qxe4 19. f3 Qh4 20. Bc5 Re8 21. Bf7 Rd8 22. Rxd8+ Qxd8 23. Rd1 Qc7 24. Bc4 Bb7 25. Qd2 Bf8 26. Be3 a5 27. Qd7 Qxd7 28. Rxd7 Ba6 29. Bxa6 Rxa6 30. Rd8 Kg7 31. Rd7+ Kf6 32. Rxh7 f4 33. Bf2 Bg7 34. g3 g5 35. gxf4 Kg6 36. Rh3 exf4 37. b3 a4 38. b4 a3 39. Kf1 Ra4 40. Bc5 Bc3 41. Ke2 Ra8 42. Kd3 Bb2 43. Kc4 Rd8 44. Kb3 Re8 45. Kc4 Re2 46. Kb3 Rd2 47. Bf8 Kf7 48. Bc5 Kg7 49. Be7 Kg6 50. Bf8 Kf7 51. Bc5 Bf6 52. Kxa3 Rd3+ 53. Ka4 Kg6 54. Bf8 g4 55. Rh6+ Kf7 56. fxg4 f3 57. Bc5 Rd2 58. Ka5 f2 59. Bxf2 Rxf2 60. g5 Bxg5 0-1